00305 a2200109 4500001001000000005001700010008004100027245004400068100002100112773004500133999001700178ART_3305820260410161926.0260409a 10aEl control y la fiscalización estatal1 aGentile, Eugenia0 tLecturasg- Nº 11 (ene. 2008)wREV19328 c28190d28190